000 00864cam a22002534a 4500
999 _c22404
_d22404
001 14133263
005 20170124101119.0
008 051005s2007 maua b 001 0 eng
010 _a 2005935212
020 _a9780618607723 (hbk. : student text)
020 _a0618607722 (hbk. : student text)
040 _aDLC
_cDLC
042 _apcc
050 0 0 _aHD31
_b.K693 2007
100 1 _aKreitner, Robert.
245 1 0 _aManagement /
_cRobert Kreitner.
250 _a10th ed.
260 _aBoston :
_bHoughton Mifflin Co.,
_cc2007.
300 _a1 v. (various pagings) :
_bill. ;
_c26 cm.
504 _aIncludes bibliographical references and index.
650 0 _aManagement.
906 _a7
_bcbc
_corignew
_d3
_eepcn
_f20
_gy-gencatlg
942 _2lcc
_cBOOKS
_hHD 31 .K74 2007